Miasta nad Dunajem (100k+ mieszkańców) - Statystyki

Ogólne statystyki
  • Ten quiz został rozwiązany 48 razy
    35 od ostatniego zresetowania
  • Średni wynik to 7 z 12
Statystyki odpowiedzi
Populacja Miasto % Poprawnych
1,974,000 Wiedeń
100%
476,000 Bratysława
96%
1,686,000 Budapeszt
96%
1,198,000 Belgrad
92%
380,000 Nowy Sad
77%
210,000 Linz
65%
141,000 Ruse
35%
160,000 Ratyzbona
27%
130,000 Ulm
23%
218,000 Gałacz
19%
155,000 Braiła
15%
142,000 Ingolstadt
15%
Nie znaleziono quizów pasujących do podanych kryteriów
Rozkład punktacji
Procent ludzi z każdym wynikiem
Percentyl według liczby udzielonych odpowiedzi
Twoja historia wyników
Nie rozwiązałeś tego quizu od ostatniego zresetowania